000 00477 a2200169 4500
003 Nust
005 20170207153349.0
040 _cNust
082 _a005.1
100 _aViqar , Saira BESE-03
245 _aImplementation of call agent using the network - Based call signaling protocol (Hard / Softcopy)
_cSaira Viqar & Samana Zehra BESE-03
260 _bMCS
_c2001
300 _a126 :p
538 _aAlmirah No 71 Shelf No 3
650 _aUG Projects
651 _aUG CS Projects
942 _cTHS
999 _c184495
_d184495